00625nam a2200229 a 4500001001300000003000900013005001700022008004100039020001000080082001400090100002000104245002200124260003300146300000900179500003500188650002800223700002000251902000800271942000700279952009400286999001500380nice12345678IN_TiNIC20260116011900.0050524s1939 beia grp 000 0 ara  ac10000a244bLEV2 aLevonian, Lutfi aAl-Deen Was Salat aBeirutbAmerican Pressc1939 a150p aincludes index and biblioraphy aChristianity-Miscellany1 aLevonian, Lutfi bSRS cBK 00104070aHMIbHMId2007-07-05g100.00l0o244 LEV2p5150r2007-07-05w2026-01-16yARB c4683d4683